Ha a csendőr szerelmes
Elmentve itt :
| Dokumentumtípus: | Cikk |
|---|---|
| Megjelent: |
1916-07-02
|
| Sorozat: | Délmagyarország
5 No. 152 |
| Kulcsszavak: | Bűncselekmény Szeged 1916 |
| Online Access: | http://dmarchiv.bibl.u-szeged.hu/57960 |
| LEADER | 00405nab a2200145 i 4500 | ||
|---|---|---|---|
| 001 | delm57960 | ||
| 005 | 20180927144625.0 | ||
| 008 | 180927s1916 hu o 0|| hun d | ||
| 040 | |a SZTE Délmagyarország Archívum |b hun | ||
| 041 | |a hun | ||
| 245 | 0 | 0 | |a Ha a csendőr szerelmes |h [elektronikus dokumentum] |
| 260 | |c 1916-07-02 | ||
| 300 | |a 9 | ||
| 490 | 0 | |a Délmagyarország |v 5 No. 152 | |
| 695 | |a Bűncselekmény Szeged 1916 | ||